[Event "Liptovsky Jan op"]
[Site "Liptovsky Jan"]
[Date "2022.06.23"]
[Round "1.25"]
[White "Lacko, Stanislav"]
[Black "Elias, David"]
[Result "0-1"]
[WhiteElo "1452"]
[BlackElo "1923"]
[PlyCount "66"]
[EventDate "2022.06.23"]
[EventType "swiss"]
[EventRounds "7"]
[EventCountry "SVK"]
[SourceTitle "CBM 209 Extra"]
[Source "ChessBase"]
[SourceDate "2022.09.30"]
[SourceVersion "1"]
[SourceVersionDate "2022.09.30"]
[SourceQuality "1"]

1. e4 c5 2. Nf3 d6 3. d4 cxd4 4. Nxd4 Nf6 5. Nc3 Nc6 6. Bg5 e6 7. f4 Be7 8. Bb5 Bd7 9. Qd2 h6 10. Bxc6 bxc6 11. Bh4 Rb8 12. Nb3 0-0 13. Bxf6 gxf6 14. f5 Kh7 15. g4 Rg8 16. h3 c5 17. 0-0-0 Qb6 18. Qd3 Rgc8 19. Qc4 a5 20. a4 Qb4 21. Qxb4 axb4 22. Ne2 Bxa4 23. Nd2 Bc6 24. Ng3 d5 25. Rhe1 Bd6 26. Nh5 Be5 27. exd5 Bxd5 28. Ne4 Bxe4 29. Rxe4 Rb7 30. Re3 Ra8 31. Ng3 Ra1+ 32. Kd2 Rd7+ 33. Rd3 Rxd1+ 0-1